| 000 | 00766nam a2200253Ia 4500 | ||
|---|---|---|---|
| 005 | 20231215115103.0 | ||
| 008 | 131103s9999 xx 000 0 und d | ||
| 020 |
_a521774713 _cRs 655 |
||
| 040 | _aLoreto College | ||
| 041 | _aEnglish | ||
| 082 |
_a428 _bJON |
||
| 100 | _aJones, Leo | ||
| 245 |
_aNew International Business English, _cLeo Jones, Richard Alexander |
||
| 250 |
_a Communication skills in English for business purposes. Teacher's Book _bUpdated Edition |
||
| 260 |
_aCambridge _bCambridge University Press _c2000 |
||
| 300 | _a224p | ||
| 630 | _aBusiness English | ||
| 630 | _aCommunicative English | ||
| 650 | _aCommercial English | ||
| 651 | _aEnglish Language | ||
| 700 | _aAlexander, Richard | ||
| 850 | _aLCLIB | ||
| 942 | _cBK | ||
| 999 |
_c19492 _d69971 |
||